| 000 | 00636nam a2200205 a 4500 | ||
|---|---|---|---|
| 001 | BRCA_140 | ||
| 005 | 20190320202910.0 | ||
| 008 | 041005s1992----mx-a---###---#000-0#spa-# | ||
| 020 | _a96867950657 | ||
| 050 | 4 |
_aGB111 _b.T73 1992 |
|
| 100 | 1 |
_aTrabulse, Elías _9546 |
|
| 245 | 1 | 0 |
_aDescripción geográfica de América _b1628 _cElías Trabulse. |
| 260 |
_aMéxico _bTextos dispersos _c1992 |
||
| 300 |
_a60 p. _bil. _c21 cm. |
||
| 504 | _aBibliografía: p. 56-60 | ||
| 650 | 1 | 4 |
_aAmérica _xGeografía _ySiglo XV _9547 |
| 650 | 1 | 4 |
_aAmérica _xExploraciones _ySiglo XV _9548 |
| 650 | 1 | 4 |
_aNavegación _xHistoria _ySiglo XV _9549 |
| 942 |
_2lcc _cB |
||
| 999 |
_c121 _d121 |
||